000
00328nam a2200145Ia 4500
008
221030s9999 xx 000 0 und d
041
_a
English
082
_a
105.23
100
_a
R. Mittal
245
0
_a
Electronic Devices
_c
by R. Mittal, G. K. Mithal
260
_c
0
650
_a
B
700
_a
G. K. Mithal
942
_c
BK
999
_c
12697
_d
12697